000 00598nam a22002177a 4500
008 131112b xxu||||| |||| 00| 0 eng d
020 _a0198775385
041 0 _aeng
080 _a338
100 1 _aChrystal, K. Alec
245 1 0 _aEconomics for business and management /
_cK. Alec Chrystal
260 _aUnited States :
_bOxford university press ;
_c1997.
300 _a720 f. :
_c25 cm.
500 _aPreface : f. [XI] - XVI
505 _aIncludes indexes.
650 _aBiznesi
650 _aEkonomia per biznes
650 _aMenaxhimi
700 1 _aLipsey, Richard G.
942 _2udc
_cBK
999 _c274
_d274